Macroeconomics
Gespeichert in:
| 1. Verfasser: | |
|---|---|
| Format: | Buch |
| Sprache: | Englisch |
| Veröffentlicht: |
New York
Wiley and Sons
1990
|
| Ausgabe: | 3. ed. |
| Schlagworte: | |
| Tags: |
Keine Tags, Fügen Sie das erste Tag hinzu!
|
MARC
| LEADER | 00000nam a2200000 4500 | ||
|---|---|---|---|
| 001 | c019321 | ||
| 005 | 20221206122538.7 | ||
| 020 | |a 0-471-50282-0 | ||
| 041 | 0 | |a eng | |
| 044 | |a US | ||
| 245 | 1 | 0 | |a Macroeconomics |c Robert J. Barro |
| 250 | |a 3. ed. | ||
| 264 | 1 | |a New York |b Wiley and Sons |c 1990 | |
| 300 | |a 576 s. | ||
| 610 | 2 | 0 | |a makroekonomika |
| 610 | 2 | 0 | |a inflácia |
| 610 | 2 | 0 | |a fluktuácia |
| 610 | 2 | 0 | |a obchod |
| 610 | 2 | 0 | |a rast hospodársky |
| 610 | 2 | 0 | |a nezamestnanosť |
| 610 | 2 | 0 | |a vláda |
| 610 | 2 | 0 | |a hospodárstvo svetové |
| 610 | 2 | 0 | |a trh medzinárodný |
| 610 | 2 | 0 | |a investície verejné |
| 610 | 2 | 0 | |a akumulácia kapitálu |
| 100 | 1 | |a Barro, Robert J. | |